000 00777nam a22002177a 4500
999 _c11779
_d11779
003 AR-CdUCM
008 190405b ||||| |||| 00| 0 spa d
040 _aMUNICIPALIDAD PROVINCIAL DEL CUSCO
_cBIBLIOTECA MUNICIPAL DEL CUSCO
082 _a395 /
_bU48 / 1934
100 _aUrbina, Pedro de
_929315
245 _aCortesía y trato social :
_b(urbanidad, reglas y modos de la etiqueta y buen tono) /
260 _aChile :
_bCultura,
_c1934.
300 _a78 páginas ;
_c18 cm.
440 _aPequeña enciclopedia práctica
_n7
_929316
505 _aContenido: Educación -- Autoeducación -- Mundología.
650 _aManeras en la mesa
_929317
650 _aMundología
_929318
650 _aRelaciones sociales
_92706
942 _2ddc
_cLIBROS
945 _adavv
_d05/04/2019